Statistiken für Alle Minderheiten der VAE

Klicken Sie hier um das Quiz zu spielen!

Allgemein

  • Dieses Quiz wurde 43 mal gespielt
  • Das Durchschnittsergebnis liegt bei 27 aus 36

Antwortstatistiken

BevölkerungLand% Korrekt
200,000China
92%
2,600,000Indien
92%
1,200,000Pakistan
92%
50,000USA
92%
400,000Ägypten
89%
500,000Iran
89%
12,000Deutschland
87%
25,000Frankreich
87%
52,000Irak
87%
40,000Kanada
87%
70,000Saudi-Arabien
87%
10,000Türkei
87%
12,000Spanien
84%
10,000Italien
82%
700,000Bangladesch
79%
85,000Indonesien
79%
90,000Jemen
79%
150,000Afghanistan
76%
200,000Jordanien
76%
250,000Vereinigtes Königreich
76%
300,000Nepal
74%
75,000Sudan
74%
10,000Algerien
71%
16,000Australien
71%
100,000Libanon
71%
300,000Sri Lanka
71%
10,000Südkorea
71%
525,530Philippinen
68%
70,000Somalia
66%
7,000Aserbaidschan
61%
10,000Thailand
61%
90,000Äthiopien
58%
40,000Kenia
55%
100,000Südafrika
55%
30,000Uganda
29%
150,000Palestinä
3%

Verteilung der Resultate

Perzentil nach korrekt beantworteten Fragen

Anzahl Personen mit jedem Resultat

Ihre Resultats-Entwicklung

Sie haben dieses Quiz noch nicht gespielt